Normal view
MARC view
Entry Personal Name
001 - CONTROL NUMBER
- control field: 15719
003 - CONTROL NUMBER IDENTIFIER
- control field: BD-RjUL
005 - DATE AND TIME OF LATEST TRANSACTION
- control field: 20250618130344.0
008 - FIXED-LENGTH DATA ELEMENTS
- fixed length control field: 250618|| aca||aabn | a|a d
040 ## - CATALOGING SOURCE
- Original cataloging agency: BD-RjUL
- Transcribing agency: BD-RjUL
100 ## - HEADING--PERSONAL NAME
- Personal name: Warhaft, Sidney
670 ## - SOURCE DATA FOUND
- Source citation: Work cat.: (BD-RjUL)85006: Bacon, Francis, 1561-1626. 15718, Francis Bacon:, [1965]